000 01130nam a2200337 i 4500
001 1147
005 20260225162212.0
008 121119s2002 ag gs 000 f spa d
020 _a9505470673
020 _a9789505470679
040 _aCO-BoRNBP
_bspa
_cCO-BoRNBP
_erda
041 1 _heng
084 _aN TOL3
100 1 _aTolkien, John Ronald Revel,
_d1892-1973
_eautor
_969259
245 1 3 _aEl señor de los anillos, I
_bla comunidad del anillo
_cJ.R.R Tolkien ; traducción de Luis Doménech
250 _aPrimera edición
264 1 _aBuenos Aires
_bMinotauro
_c2002
300 _a547 páginas
_c18 cm
336 _atexto
_btxt
_2rdacontent
337 _asin mediación
_bn
_2rdamedia
338 _avolumen
_bnc
_2rdacarrier
650 1 4 _aNovela inglesa
_ySiglo XX
_2LEMB
_92622
650 1 4 _aLiteratura inglesa
_ySiglo XX
_2LEMB
_92623
650 1 4 _aAventuras
_vNovela
_2LEMB
650 1 4 _aBien y mal
_vNovela
_2LEMB
_963713
650 1 4 _aGuerras
_vNovela
_2LEMB
_969260
650 1 4 _aReyes
_vNovela
_2LEMB
_969261
650 1 4 _aAmistad
_vNovela
_2LEMB
_91741
700 1 _aDoménech, Luis,
_etraductor
_969262
942 _2loc
_cBKLIT
999 _c1147
_d1147